Pokémon ayant la stat Défense Spéciale la plus haute - Statistiques

Statistiques générales
  • Ce quiz a été pris 525 fois
    387 depuis la dernière actualisation
  • Le résultat moyen est 19 sur 40
Statistiques - réponses
Stat Pokémon % Correct
249 154 Lugia
87%
213 230 Caratroc
85%
382 160 Primo-Kyogre
85%
250 154 Ho-Oh
81%
386 160 Deoxys (forme défense)
80%
382 140 Kyogre
79%
378 200 Regice
79%
242 135 Leuphorie
77%
379 150 Registeel
72%
719 150 Diancie
64%
380 150 Méga-Latias
64%
889 145 Zamazenta (Bouclier Suprême)
64%
488 130 Cresselia
60%
380 130 Latias
56%
706 150 Muplodocus
54%
282 135 Méga-Gardevoir
52%
748 142 Prédastérie
49%
671 154 Florges
48%
720 130 Hoopa (forme déchaînée)
48%
720 130 Hoopa (forme enchaînée)
48%
681 140 Exagide (parade)
46%
703 150 Strassie
45%
130 130 Méga-Léviator
43%
700 130 Nymphali
41%
411 138 Bastiodon
40%
480 130 Créhelf
40%
197 130 Noctali
40%
793 131 Zéroïd
40%
476 150 Tarinorme
36%
477 135 Noctunoir
34%
788 130 Tokopisco
34%
226 140 Démanta
30%
790 131 Cosmovum
28%
746 135 Froussardine (forme banc)
24%
640 129 Viridium
23%
615 135 Hexagel
17%
356 130 Téraclope
17%
771 130 Concombaffe
16%
752 132 Tarenbulle
15%
864 130 Corayôme
12%
Aucun quiz correspondant
Distribution des résultats
% des personnes avec chaque résultat
Percentile par nombre de réponses
Votre historique - résultats
Vous n’avez pas pris ce quiz depuis la dernière actualisation